000 00544nam a2200169 a 4500
001 000036517
005 20200930075757.0
008 120119s1977 cr 000 0 spa d
040 _aDO-SdBNP
_bspa
_cBNPHU
082 _axxxx
_bC961t, 1977
100 1 _aCuadra, Pablo Antonio
_962765
245 1 0 _aTierra que habla :
_bantologĂ­a de Cantos Nicaraguenses /
_cPablo Antonio Cuadra.
250 _a2a ed.
260 _aCosta Rica :
_bEditora Universitaria Centroamericana,
_c1977.
300 _a181 p. ;
_c17 cm.
504 _aBibliografĂ­a: p.177-181
999 _c36008
_d36008